| 000 | 00533nam a22001937a 4500 | ||
|---|---|---|---|
| 003 | OSt | ||
| 005 | 20140310182908.0 | ||
| 008 | 130128t xxu||||| |||| 00| 0 eng d | ||
| 050 |
_aHF 5616 _b.C737 1996 |
||
| 082 |
_aFIL 332 _bC73 1996 |
||
| 245 |
_aCompilation of Statements of Financial Accounting Standards Nos. 24-26 _c Accounting Standards Council |
||
| 260 |
_aS.l. _b s.n. _c1996 |
||
| 300 | _c22 cm. | ||
| 521 | _acollege students | ||
| 526 | _c1210L-1700L | ||
| 541 | _j1 | ||
| 562 | _e1 | ||
| 942 |
_2lcc _cBK _kFIL |
||
| 999 |
_c17182 _d17182 |
||